00984 2200193 4500245003800000020002200038250001100060100001800071700001700089650001700106650001500123005001900138260003000157041001400187084001100201300002200212500054700234336000900781 aIntroductioncRadatul SalmahText a978-602-420-640-6 aCet. 1 aRadatul Salma aDian Hartati aNovel Remaja aFantasteen a20240126135444 aBandungbDAR! Mizanc2018 aIndonesia a808.83 a156 hlm. :cilus. aFrey tidak menyangka Daria menemukan buku yang menjadi sumber kutukan keluarga Gaillani. Daria memanfaatkan buku bersampul kusam itu untuk membangkitkan Dariush, kakak laki-lakinya yang meninggal sembilan tahun lalu. Untuk menghilangkan jejak, Daria menyimpan buku bersampul kusam di Book Shelf Vanno, sebuah perpustakaan kecil yang berada di dalam kafe milik Vanda. Pertemuan antara Daria dan Vanda itu menyebabkan kenangan masa kecil antara Daria-Dariush-Fery kembali bangkit. Frey khawatir, apakah kutukan itu akan dialami juga oleh Daria? atext